000 00390pam a2200145 4500
003 IeDuTC
005 20181127163018.0
008 010122s2000 enk 000 0 eng
020 _a0312420528 (pbk)
100 1 _aBacon, Charlotte,
_d1965-
245 1 0 _aLost geography /
_cCharlotte Bacon.
260 _aNew York :
_bPicador,
_c2000.
300 _a259 p. ;
_c20 cm.
650 0 _aImmigrants
_vFiction.
999 _c907
_d907